مكتبة جامعة عجلون الوطنية

فهرس بحث المكتبة

Normal view MARC view
  • القانون الجنائي المقارن -- قانون العقوبات -- الأردن -- قانون العقوبات -- مصر-- القانون الجنائي -- الأردن -- القانون الجنائي -- مصر

Entry Topical Term

Number of records used in: 1

001 - CONTROL NUMBER

  • control field: 44262

003 - CONTROL NUMBER IDENTIFIER

  • control field: JO-AjAnu

005 - DATE AND TIME OF LATEST TRANSACTION

  • control field: 20230606081329.0

008 - FIXED-LENGTH DATA ELEMENTS

  • fixed length control field: 230606|| aca||aabn | a|a d

040 ## - CATALOGING SOURCE

  • Original cataloging agency: JO-AjAnu
  • Transcribing agency: JO-AjAnu

150 ## - HEADING--TOPICAL TERM

  • Topical term or geographic name entry element: القانون الجنائي المقارن -- قانون العقوبات -- الأردن -- قانون العقوبات -- مصر-- القانون الجنائي -- الأردن -- القانون الجنائي -- مصر

670 ## - SOURCE DATA FOUND

  • Source citation: Work cat.: (JO-AjAnu)22665: محسن، عبد العزيز محمد, author 44261, الأعذار القانونية المخففة من العقاب فى الفقه الإسلامي والقانون الوضعى " دراسة مقارنة "